000 00240 a2200097 4500
001 30962
100 _aWarden John A
245 _aThe Air campaign: Planning for combat v 42
260 _aLahore
_bPAF Book Club
_c
090 _c20877
_d20877
942 _aNUST-CAE
_cM
_c12088
999 _c266035
_d266035